[Event "32nd ECC Open 2016"]
[Site "Novi Sad SRB"]
[Date "2016.11.11"]
[Round "6.2"]
[Board "3"]
[White "Vitiugov, Nikita"]
[Black "Huzman, Alexander"]
[Result "1-0"]
[WhiteTitle "GM"]
[BlackTitle "GM"]
[WhiteElo "2718"]
[BlackElo "2567"]
[WhiteTeam "Mednyi Vsadnik"]
[BlackTeam "Beer Sheva Chess Club"]
[WhiteFideId "4152956"]
[BlackFideId "2803828"]
[EventDate "2016.11.06"]

1. e4 c5 2. Nf3 Nc6 3. Bb5 g6 4. O-O Bg7 5. Nc3 d6 6. e5 dxe5 7. Bxc6+ bxc6 8.
Re1 Qc7 9. d3 c4 10. h3 cxd3 11. cxd3 Be6 12. Qa4 Nf6 13. Nxe5 Rc8 14. Bf4 Qb7
15. Qa3 O-O 16. Na4 Qb5 17. Nc5 Bd5 18. Rac1 Rfd8 19. Bd2 Re8 20. b3 Nh5 21. d4
Rcd8 22. Rc2 Ra8 23. Qc1 Bxe5 24. dxe5 Ng7 25. Qb2 Ne6 26. Nxe6 Bxe6 27. Rec1
Rac8 28. Qd4 Rc7 29. Be3 Rd7 30. Qf4 Rc8 31. Kh2 a6 32. Rc5 Qb7 33. Qh4 Rd5 34.
Bg5 Rxc5 35. Rxc5 Re8 36. Qa4 Rc8 37. Ra5 Ra8 38. Qh4 Re8 39. Qh6 Qc7 40. f4 Qd8
41. Rxa6 f6 42. Rxc6 fxg5 43. Rxe6 Qd7 44. Ra6 1-0

[Event "32nd ECC Open 2016"]
[Site "Novi Sad SRB"]
[Date "2016.11.11"]
[Round "6.2"]
[Board "4"]
[White "Mikhalevski, Victor"]
[Black "Bu, Xiangzhi"]
[Result "0-1"]
[WhiteTitle "GM"]
[BlackTitle "GM"]
[WhiteElo "2508"]
[BlackElo "2698"]
[WhiteTeam "Beer Sheva Chess Club"]
[BlackTeam "Mednyi Vsadnik"]
[WhiteFideId "2801914"]
[BlackFideId "8601445"]
[EventDate "2016.11.06"]

1. Nf3 d5 2. g3 Nf6 3. Bg2 c6 4. O-O Bg4 5. d3 Nbd7 6. h3 Bh5 7. c4 dxc4 8. dxc4
e6 9. Nc3 Be7 10. Bf4 O-O 11. g4 Bg6 12. Qc1 Qb6 13. Nh4 Rad8 14. Nxg6 hxg6 15.
Rd1 Rfe8 16. Qc2 g5 17. Na4 Qa5 18. Bd2 Qe5 19. Qc3 Qb8 20. Qc2 b5 21. Nc3 bxc4
22. Bxg5 Nd5 23. Ne4 Ne5 24. Bxe7 Rxe7 25. Ng5 g6 26. Nf3 Red7 27. Nxe5 Qxe5 28.
Qxc4 Qxb2 29. Rdc1 Nc3 30. Bf1 Rd1 31. Rxd1 Nxd1 32. Rc1 Qf6 33. f4 Qh4 34. Bg2
Qf2+ 35. Kh1 Qg3 36. Kg1 Ne3 37. Qe4 Nxg2 0-1

[Event "32nd ECC Open 2016"]
[Site "Novi Sad SRB"]
[Date "2016.11.11"]
[Round "6.2"]
[Board "5"]
[White "Matlakov, Maxim"]
[Black "Khmelniker, Ilya"]
[Result "1-0"]
[WhiteTitle "GM"]
[BlackTitle "GM"]
[WhiteElo "2691"]
[BlackElo "2489"]
[WhiteTeam "Mednyi Vsadnik"]
[BlackTeam "Beer Sheva Chess Club"]
[WhiteFideId "4168003"]
[BlackFideId "2805340"]
[EventDate "2016.11.06"]

1. c4 Nf6 2. Nc3 e5 3. g3 Bb4 4. Bg2 O-O 5. e4 Bxc3 6. bxc3 Re8 7. Ne2 c6 8. O-O
d5 9. cxd5 cxd5 10. exd5 Nxd5 11. c4 Nf6 12. d4 e4 13. Bb2 Qb6 14. Qb3 Bg4 15.
Nc3 Nc6 16. Qxb6 axb6 17. Nb5 Rad8 18. d5 Ne5 19. Bxe5 Rxe5 20. Rfe1 Bf5 21.
Rab1 Bg6 22. Rb2 Ree8 23. Bh3 Re7 24. Re3 Kf8 25. Nc3 Rc7 26. Rb4 Ne8 27. Nxe4
Bxe4 28. Rxe4 Nd6 29. Rh4 b5 30. cxb5 Rc1+ 31. Kg2 h6 32. a4 Ra1 33. Rhd4 Ra8
34. b6 Ke7 35. Bg4 Ra5 36. Bd1 Rc5 37. Kf3 Ra2 38. Rd3 Kd8 39. h4 g6 40. Rf4 Rb2
41. h5 g5 42. Rf6 Rxf2+ 43. Kxf2 Ne4+ 44. Ke1 Nxf6 45. Rf3 Nxd5 46. Rxf7 Nxb6
47. Rxb7 Re5+ 48. Kf2 Nc4 49. g4 Nd6 50. Rh7 Ne4+ 51. Kg2 Re6 52. Bc2 Nf6 53.
Rxh6 Re2+ 54. Kf3 Re3+ 55. Kxe3 Nxg4+ 56. Ke4 Nxh6 57. Ke5 Ke7 58. a5 Ng4+ 59.
Kf5 Ne3+ 60. Kxg5 Nxc2 61. a6 Nd4 62. a7 Ne6+ 63. Kg6 Nc7 64. h6 1-0

[Event "32nd ECC Open 2016"]
[Site "Novi Sad SRB"]
[Date "2016.11.11"]
[Round "6.2"]
[Board "6"]
[White "Sidorenko, Ilya"]
[Black "Rodshtein, Maxim"]
[Result "0-1"]
[WhiteTitle "IM"]
[BlackTitle "GM"]
[WhiteElo "2413"]
[BlackElo "2696"]
[WhiteTeam "Beer Sheva Chess Club"]
[BlackTeam "Mednyi Vsadnik"]
[WhiteFideId "2807769"]
[BlackFideId "2806851"]
[EventDate "2016.11.06"]

1. e4 c5 2. Nf3 d6 3. d4 cxd4 4. Nxd4 Nf6 5. Nc3 a6 6. Bg5 Nbd7 7. f4 Qa5 8. Qe2
h6 9. Nb3 Qc7 10. Bxf6 Nxf6 11. e5 Bg4 12. Qe3 dxe5 13. fxe5 Nd7 14. h3 Be6 15.
Nd4 Qxe5 16. Qxe5 Nxe5 17. Nxe6 fxe6 18. O-O-O g6 19. g3 Bg7 20. Bg2 Rb8 21. h4
b5 22. Ne2 Rb6 23. Nf4 Nc4 24. b3 Ne3 25. Nxg6 Nxd1 26. Rxd1 Rg8 27. Bh3 Bb2+
28. Kxb2 Rxg6 29. Rd3 Rd6 30. Re3 Kd7 31. c4 b4 32. Kc2 Rf6 0-1

[Event "32nd ECC Open 2016"]
[Site "Novi Sad SRB"]
[Date "2016.11.11"]
[Round "6.3"]
[Board "3"]
[White "Gelfand, Boris"]
[Black "Guseinov, Gadir"]
[Result "1/2-1/2"]
[WhiteTitle "GM"]
[BlackTitle "GM"]
[WhiteElo "2720"]
[BlackElo "2629"]
[WhiteTeam "OR Padova"]
[BlackTeam "Odlar Yurdu"]
[WhiteFideId "2805677"]
[BlackFideId "13401378"]
[EventDate "2016.11.06"]

1. d4 d5 2. c4 c6 3. Nf3 Nf6 4. e3 Bf5 5. Nc3 e6 6. Nh4 Bg6 7. Be2 Nbd7 8. O-O
Bd6 9. g3 O-O 10. Nxg6 hxg6 11. Qb3 Rb8 12. Rd1 Qe7 13. Qc2 a6 14. Bd2 dxc4 15.
Bxc4 c5 16. dxc5 Nxc5 17. Bf1 Rfc8 18. Bg2 b5 19. Rac1 Na4 20. Qb1 Nb6 21. Be1
Nc4 22. b3 Nb6 23. Ne2 Ba3 24. Rxc8+ Rxc8 25. Bc3 Nbd5 26. Bxf6 Nxf6 27. Nd4 Rc3
28. Ne2 Rc7 29. Qd3 Rd7 30. Qb1 Rc7 31. Qd3 Rd7 32. Qb1 1/2-1/2

[Event "32nd ECC Open 2016"]
[Site "Novi Sad SRB"]
[Date "2016.11.11"]
[Round "6.3"]
[Board "4"]
[White "Naiditsch, Arkadij"]
[Black "Leko, Peter"]
[Result "1/2-1/2"]
[WhiteTitle "GM"]
[BlackTitle "GM"]
[WhiteElo "2686"]
[BlackElo "2693"]
[WhiteTeam "Odlar Yurdu"]
[BlackTeam "OR Padova"]
[WhiteFideId "4650891"]
[BlackFideId "703303"]
[EventDate "2016.11.06"]

1. e4 e5 2. Nf3 Nc6 3. Nc3 Nf6 4. Bb5 Nd4 5. Nxd4 exd4 6. Nd5 Nxd5 7. exd5 Qe7+
8. Qe2 a6 9. Bd3 d6 10. b3 g6 11. Bb2 Bg7 12. f4 Bd7 13. Qxe7+ Kxe7 14. f5 Bxf5
15. Bxf5 gxf5 16. O-O Be5 17. Rxf5 c5 18. dxc6 bxc6 19. c3 c5 20. cxd4 cxd4 21.
Re1 Ke6 22. Rh5 Kd5 23. d3 Raf8 24. g3 f6 25. Re4 f5 26. Re2 Rhg8 27. Kf2 f4 28.
g4 Rxg4 29. Re4 Rfg8 30. Bxd4 R8g5 31. Rxg5 Rxg5 32. Bb6 Rh5 33. Kg2 f3+ 34.
Kxf3 Rh3+ 35. Kg4 Rxh2 36. Ra4 h5+ 37. Kg5 h4 38. d4 Bg3 39. Rxa6 Rg2 40. Kg4
Be1+ 41. Kh3 Rc2 42. Kg4 Rg2+ 43. Kh3 Rc2 44. Kg4 Rg2+ 45. Kh3 1/2-1/2

[Event "32nd ECC Open 2016"]
[Site "Novi Sad SRB"]
[Date "2016.11.11"]
[Round "6.3"]
[Board "5"]
[White "Bacrot, Etienne"]
[Black "Safarli, Eltaj"]
[Result "1/2-1/2"]
[WhiteTitle "GM"]
[BlackTitle "GM"]
[WhiteElo "2691"]
[BlackElo "2694"]
[WhiteTeam "OR Padova"]
[BlackTeam "Odlar Yurdu"]
[WhiteFideId "605506"]
[BlackFideId "13402129"]
[EventDate "2016.11.06"]

1. e4 e5 2. Nf3 Nc6 3. Bc4 Bc5 4. c3 Nf6 5. d3 d6 6. O-O h6 7. Nbd2 O-O 8. Bb3
Re8 9. Re1 Be6 10. h3 a6 11. Nf1 d5 12. exd5 Bxd5 13. Ng3 Bxb3 14. axb3 e4 15.
dxe4 Qxd1 16. Rxd1 Nxe4 17. Nxe4 Rxe4 18. b4 Bb6 19. Kf1 Rae8 20. Re1 Rxe1+ 21.
Nxe1 Rd8 22. Ke2 Re8+ 23. Kf1 Rd8 24. Ke2 Re8+ 1/2-1/2

[Event "32nd ECC Open 2016"]
[Site "Novi Sad SRB"]
[Date "2016.11.11"]
[Round "6.3"]
[Board "6"]
[White "Sutovsky, Emil"]
[Black "David, Alberto"]
[Result "1-0"]
[WhiteTitle "GM"]
[BlackTitle "GM"]
[WhiteElo "2625"]
[BlackElo "2574"]
[WhiteTeam "Odlar Yurdu"]
[BlackTeam "OR Padova"]
[WhiteFideId "2802007"]
[BlackFideId "4000013"]
[EventDate "2016.11.06"]

1. e4 c6 2. d4 d5 3. e5 Bf5 4. h4 h5 5. Bd3 Bxd3 6. Qxd3 e6 7. Bg5 Be7 8. Nf3
Nh6 9. Bxh6 Rxh6 10. Nbd2 Na6 11. c3 c5 12. a3 Rc8 13. b4 cxd4 14. cxd4 Kf8 15.
Ke2 g6 16. Qb5 Rc7 17. Rac1 Nb8 18. Nb3 a6 19. Qd3 Kg7 20. Rxc7 Qxc7 21. Rc1 Qd7
22. Nc5 Bxc5 23. bxc5 Nc6 24. Rb1 Rh8 25. Qd2 Qe7 26. Qf4 Rb8 27. Rb6 Rc8 28.
Ng5 Na5 29. g4 Rh8 30. gxh5 Rxh5 31. Rb1 Rh6 32. Kf1 Rh8 33. Kg2 Rh5 34. Kg3 Rh8
35. Rb6 Rh5 36. Rd6 Nc6 37. Qf6+ Qxf6 38. exf6+ Kxf6 39. Rd7 Ne7 40. Kg4 Rh8 41.
Rxb7 Re8 42. Ra7 a5 43. a4 Kg7 44. Kf4 Kf6 45. Nh7+ Kg7 46. Ng5 Kf6 47. Rd7 Kg7
48. Ke5 f6+ 49. Kxe6 fxg5 50. Rxe7+ Rxe7+ 51. Kxe7 gxh4 52. c6 h3 53. c7 h2 54.
c8=Q h1=Q 55. Qf8+ Kh7 56. Qf7+ Kh6 57. Qf4+ Kh5 58. Kf6 Qg2 59. Qg3 1-0

[Event "32nd ECC Open 2016"]
[Site "Novi Sad SRB"]
[Date "2016.11.11"]
[Round "6.4"]
[Board "1"]
[White "Sjugirov, Sanan"]
[Black "Inarkiev, Ernesto"]
[Result "1/2-1/2"]
[WhiteTitle "GM"]
[BlackTitle "GM"]
[WhiteElo "2664"]
[BlackElo "2714"]
[WhiteTeam "Zhiguli"]
[BlackTeam "SHSM Legacy Square Moscow"]
[WhiteFideId "4189302"]
[BlackFideId "4162722"]
[EventDate "2016.11.06"]

1. d4 Nf6 2. c4 e6 3. Nc3 Bb4 4. Qc2 O-O 5. a3 Bxc3+ 6. Qxc3 d5 7. Nf3 dxc4 8.
Qxc4 b6 9. Bg5 Ba6 10. Qa4 Qd7 11. Qc2 c5 12. dxc5 Rc8 13. Bxf6 gxf6 14. Rd1 Qe7
15. e4 Bxf1 16. Kxf1 Rxc5 17. Qe2 Nd7 18. g3 Rac8 19. Kg2 Rc2 20. Rd2 Rxd2 21.
Qxd2 Ne5 22. Nxe5 fxe5 23. Qe2 h6 24. h4 Kh7 25. Kh3 Rc7 26. Rg1 Rd7 27. Qf3 Kg7
28. Qg4+ Kh7 29. Qf3 Kg7 30. b4 Rd2 31. Kg2 Qf6 32. Qe3 Qd8 33. Qf3 Qd3 34. Qg4+
Kf8 35. Re1 Ke7 36. Qf3 Qxf3+ 37. Kxf3 Ra2 38. Re3 b5 39. Rc3 Kf6 40. g4 a6 41.
Kg3 Ra1 1/2-1/2

[Event "32nd ECC Open 2016"]
[Site "Novi Sad SRB"]
[Date "2016.11.11"]
[Round "6.4"]
[Board "3"]
[White "Predke, Alexandr"]
[Black "Malakhov, Vladimir"]
[Result "0-1"]
[WhiteTitle "GM"]
[BlackTitle "GM"]
[WhiteElo "2579"]
[BlackElo "2698"]
[WhiteTeam "Zhiguli"]
[BlackTeam "SHSM Legacy Square Moscow"]
[WhiteFideId "24107581"]
[BlackFideId "4120787"]
[EventDate "2016.11.06"]

1. e4 e5 2. Nf3 Nc6 3. d4 exd4 4. Nxd4 Bc5 5. Nb3 Bb6 6. Nc3 Nf6 7. Bg5 h6 8.
Bh4 d6 9. Bb5 Bd7 10. Qe2 g5 11. Bg3 Qe7 12. O-O-O O-O-O 13. f3 Kb8 14. Rhe1
Rhe8 15. a4 a6 16. Bxc6 Bxc6 17. a5 Ba7 18. Bf2 Bxf2 19. Qxf2 Qe5 20. g3 Bd7 21.
Qd4 Qxd4 22. Rxd4 Kc8 23. Nd2 Bc6 24. Kd1 Nd7 25. Nd5 Bxd5 26. Rxd5 Ne5 27. Re3
c6 28. Rd4 Rf8 29. Nc4 Nxc4 30. Rxc4 d5 31. Rd4 dxe4 32. Rxd8+ Rxd8+ 33. Ke2 Rd5
34. fxe4 Rxa5 35. Rf3 Ra2 36. Rxf7 Rxb2 37. Kd3 a5 38. Rh7 a4 39. Rxh6 Kd7 40.
h4 Rb1 41. Rh8 Rg1 42. hxg5 Rxg3+ 43. Kd4 Rxg5 44. Rh7+ Kc8 45. e5 Rg2 46. e6
Re2 47. Rh8+ Kc7 48. Rh7+ Kb6 49. e7 Re6 50. Rg7 Ka6 51. c4 b6 52. c5 b5 53. Kc3
a3 54. Rh7 a2 55. Kb2 Re2+ 56. Ka1 b4 57. Rg7 Kb5 0-1

[Event "32nd ECC Open 2016"]
[Site "Novi Sad SRB"]
[Date "2016.11.11"]
[Round "6.4"]
[Board "4"]
[White "Zvjaginsev, Vadim"]
[Black "Frolyanov, Dmitry"]
[Result "1-0"]
[WhiteTitle "GM"]
[BlackTitle "GM"]
[WhiteElo "2675"]
[BlackElo "2539"]
[WhiteTeam "SHSM Legacy Square Moscow"]
[BlackTeam "Zhiguli"]
[WhiteFideId "4113403"]
[BlackFideId "4151976"]
[EventDate "2016.11.06"]

1. e4 c5 2. Nf3 Nc6 3. Bb5 g6 4. O-O Bg7 5. Nc3 d6 6. d3 Bd7 7. Re1 Nf6 8. h3
O-O 9. a4 Na5 10. e5 dxe5 11. Nxe5 Be6 12. Qe2 Rc8 13. Bg5 a6 14. Bc4 Nxc4 15.
Nxc4 Re8 16. a5 Nd5 17. Nxd5 Qxd5 18. Bd2 Qc6 19. Ne5 Qd5 20. b3 Rcd8 21. Bc3
Bd7 22. Qe4 Qxe4 23. Rxe4 Be6 24. Re2 Bd5 25. Rae1 Kf8 26. f4 h5 27. Ba1 Bxe5
28. Bxe5 Rc8 29. Bb2 f6 30. Ba3 Rc7 31. Kf2 Bf7 32. g4 Rd8 33. Kg3 Rd4 34. g5
Rd5 35. h4 Rf5 36. gxf6 exf6 37. d4 g5 38. fxg5 fxg5 39. Bxc5+ Kg8 40. hxg5
Rxg5+ 41. Kh2 Rc6 42. c4 Rg4 43. Rg1 Rxg1 44. Kxg1 Re6 45. Rd2 Be8 46. d5 Rg6+
47. Kh2 Bd7 48. Rf2 Kh7 49. Bd4 Kg8 50. Re2 Kf7 51. Bc5 Kg8 52. Rf2 Kh7 53. Bf8
Kg8 54. Be7 Kh7 55. Bh4 Rg4 56. Rf7+ Rg7 57. Rxg7+ Kxg7 58. Kg3 Kf7 59. Kf4 Bg4
60. Ke5 Bd1 61. b4 Be2 62. c5 Bc4 63. Kd6 Ke8 64. c6 bxc6 65. dxc6 1-0

[Event "32nd ECC Open 2016"]
[Site "Novi Sad SRB"]
[Date "2016.11.11"]
[Round "6.4"]
[Board "5"]
[White "Geller, Jakov"]
[Black "Grachev, Boris"]
[Result "0-1"]
[WhiteTitle "GM"]
[BlackTitle "GM"]
[WhiteElo "2488"]
[BlackElo "2632"]
[WhiteTeam "Zhiguli"]
[BlackTeam "SHSM Legacy Square Moscow"]
[WhiteFideId "4151984"]
[BlackFideId "4129199"]
[EventDate "2016.11.06"]

1. e4 c5 2. Nf3 a6 3. c4 e6 4. Nc3 Qc7 5. d4 cxd4 6. Nxd4 Nf6 7. a3 b6 8. Bd3
Bc5 9. Nb3 Be7 10. O-O d6 11. f4 Nbd7 12. Qe2 Bb7 13. Bd2 O-O 14. Rae1 Rad8 15.
Nd4 Rfe8 16. b4 Bf8 17. Nf3 g6 18. Qf2 Bg7 19. Qh4 h6 20. Qh3 Nf8 21. g4 N8h7
22. Qg3 Nd7 23. Rc1 Nhf6 24. Rfe1 Qb8 25. Re2 b5 26. cxb5 axb5 27. f5 exf5 28.
gxf5 g5 29. Nxg5 hxg5 30. Qxg5 Ne5 31. Re3 Qa7 32. Kh1 Nxd3 33. Rg3 Nf2+ 34. Kg2
N2g4 35. Rxg4 Nxg4 36. Qxg4 Qd4 37. f6 Qxd2+ 0-1

[Event "32nd ECC Open 2016"]
[Site "Novi Sad SRB"]
[Date "2016.11.11"]
[Round "6.4"]
[Board "6"]
[White "Najer, Evgeniy"]
[Black "Brodsky, Michail"]
[Result "0-1"]
[WhiteTitle "GM"]
[BlackTitle "GM"]
[WhiteElo "2683"]
[BlackElo "2523"]
[WhiteTeam "SHSM Legacy Square Moscow"]
[BlackTeam "Zhiguli"]
[WhiteFideId "4118987"]
[BlackFideId "14100932"]
[EventDate "2016.11.06"]

1. e4 c5 2. Nc3 g6 3. h4 h5 4. d4 cxd4 5. Qxd4 Nf6 6. Bg5 Nc6 7. Qd2 Bg7 8.
O-O-O d6 9. Bc4 Bd7 10. f3 Ne5 11. Bb3 b5 12. f4 Neg4 13. Nf3 b4 14. Nd5 Nxe4
15. Qxb4 Nxg5 16. Nxg5 O-O 17. Rhe1 e6 18. Qxd6 exd5 19. Rxd5 Qf6 20. Qxf6 Nxf6
21. Ra5 Nh7 22. Re7 Nxg5 23. Rxd7 Ne6 24. g3 Rfd8 25. Bxe6 fxe6 26. Raxa7 Rxa7
27. Rxa7 e5 28. Ra6 exf4 29. gxf4 Kf7 30. Ra7+ Kf6 31. a4 Bh6 32. b4 Bxf4+ 33.
Kb2 g5 34. hxg5+ Kxg5 35. a5 Be5+ 36. Kb3 Rh8 37. Rd7 h4 38. Rd1 h3 39. c4 h2
40. Rh1 Kf5 41. a6 Ke6 42. Ka4 Kd7 43. Ka5 Bd4 44. c5 Kc7 45. Kb5 Bg1 46. Ka5
Kb8 0-1

[Event "32nd ECC Open 2016"]
[Site "Novi Sad SRB"]
[Date "2016.11.11"]
[Round "6.5"]
[Board "2"]
[White "Rapport, Richard"]
[Black "Wojtaszek, Radoslaw"]
[Result "1/2-1/2"]
[WhiteTitle "GM"]
[BlackTitle "GM"]
[WhiteElo "2730"]
[BlackElo "2744"]
[WhiteTeam "VSK Sveti Nikolaj Srpski"]
[BlackTeam "AVE Novy Bor"]
[WhiteFideId "738590"]
[BlackFideId "1118358"]
[EventDate "2016.11.06"]

1. d4 Nf6 2. c4 e6 3. Nc3 Bb4 4. e3 O-O 5. Ne2 d5 6. a3 Bd6 7. c5 Be7 8. Nf4 c6
9. b4 Nbd7 10. Bd3 e5 11. Nfe2 Re8 12. f3 b6 13. O-O a5 14. Bd2 Bb7 15. Be1 Qc8
16. Bg3 exd4 17. exd4 Ba6 18. Nf4 Qb7 19. Nfxd5 Nxd5 20. Nxd5 cxd5 21. b5 bxc5
22. bxa6 Qc6 23. Qb1 c4 24. Bxh7+ Kf8 25. Bf5 Rxa6 26. Re1 g6 27. Bxd7 Qxd7 28.
Be5 Bf6 29. f4 Bxe5 30. fxe5 1/2-1/2

[Event "32nd ECC Open 2016"]
[Site "Novi Sad SRB"]
[Date "2016.11.11"]
[Round "6.5"]
[Board "3"]
[White "Navara, David"]
[Black "Morozevich, Alexander"]
[Result "1/2-1/2"]
[WhiteTitle "GM"]
[BlackTitle "GM"]
[WhiteElo "2725"]
[BlackElo "2683"]
[WhiteTeam "AVE Novy Bor"]
[BlackTeam "VSK Sveti Nikolaj Srpski"]
[WhiteFideId "309095"]
[BlackFideId "4116992"]
[EventDate "2016.11.06"]

1. e4 e5 2. Nf3 Nc6 3. Bb5 a6 4. Ba4 Nf6 5. O-O Be7 6. Re1 b5 7. Bb3 d6 8. c3
O-O 9. h3 Re8 10. d4 Bb7 11. Nbd2 Bf8 12. a3 h6 13. Bc2 d5 14. dxe5 Nxe5 15.
Nxe5 Rxe5 16. Nf3 Re8 17. e5 Ne4 18. Bf4 c5 19. a4 b4 20. c4 f5 21. cxd5 Qxd5
22. Nh4 Qf7 23. f3 b3 24. Bxb3 c4 25. fxe4 fxe4 26. Bxc4 Qxc4 27. Nf5 Qf7 28.
Qg4 Kh7 29. Nd6 Bxd6 30. exd6 Re6 31. Rac1 Rg6 32. Rc7 Qf6 33. Qe2 Rb8 34. Qe3
Bd5 35. Re2 Rxb2 36. Rxb2 Qxb2 37. Bg3 Qb1+ 38. Rc1 Qb7 39. Kh2 Bc6 40. a5 Qb5
41. Qc5 Bd7 42. Qxb5 Bxb5 43. Rc4 Rxd6 44. Bxd6 Bxc4 45. Bc5 g5 46. g4 1/2-1/2

[Event "32nd ECC Open 2016"]
[Site "Novi Sad SRB"]
[Date "2016.11.11"]
[Round "6.5"]
[Board "4"]
[White "Ivanisevic, Ivan"]
[Black "Shirov, Alexei"]
[Result "1-0"]
[WhiteTitle "GM"]
[BlackTitle "GM"]
[WhiteElo "2645"]
[BlackElo "2677"]
[WhiteTeam "VSK Sveti Nikolaj Srpski"]
[BlackTeam "AVE Novy Bor"]
[WhiteFideId "912417"]
[BlackFideId "2209390"]
[EventDate "2016.11.06"]

1. d4 d5 2. c4 c6 3. cxd5 cxd5 4. Bg5 h6 5. Bh4 Qb6 6. Nc3 e6 7. Qd2 Ne7 8. f3
Nbc6 9. e3 Nf5 10. Bf2 Bb4 11. Bd3 Nd6 12. Nge2 Na5 13. O-O Bd7 14. e4 Nac4 15.
Qc1 Bxc3 16. Nxc3 Nxb2 17. Be2 Na4 18. Nxa4 Bxa4 19. exd5 Rc8 20. Qa3 Bb5 21.
Bxb5+ Nxb5 22. Qd3 Qa6 23. dxe6 O-O 24. d5 fxe6 25. dxe6 Nc3 26. Qxa6 bxa6 27.
Rfe1 Rfe8 28. Kf1 Nd5 29. Rad1 Nf4 30. Rd6 Rc2 31. Bg3 Nxg2 32. Re2 Rxe2 33.
Kxe2 g5 34. Rxa6 Kg7 35. Kf2 Nf4 36. Bxf4 gxf4 37. Rxa7+ Kf6 38. Ra4 Rxe6 39.
Rxf4+ Kg5 40. Re4 Rb6 41. Kg3 Rb2 42. Ra4 Rb1 43. Ra5+ Kg6 44. Ra8 Rg1+ 45. Kf2
Rh1 46. Kg2 Ra1 47. a4 Kg5 48. a5 Kh4 49. a6 Ra2+ 50. Kg1 Kh3 51. a7 h5 52. f4
h4 53. f5 Rg2+ 54. Kf1 Rg7 55. Kf2 Rh7 56. Kf3 Kxh2 57. Kf4 h3 58. f6 Rc7 59.
Ke5 Rb7 60. Kf5 Rc7 61. Kg6 Kg3 62. f7 h2 63. Rh8 1-0

[Event "32nd ECC Open 2016"]
[Site "Novi Sad SRB"]
[Date "2016.11.11"]
[Round "6.5"]
[Board "6"]
[White "Perunovic, Milos"]
[Black "Sasikiran, Krishnan"]
[Result "0-1"]
[WhiteTitle "GM"]
[BlackTitle "GM"]
[WhiteElo "2616"]
[BlackElo "2654"]
[WhiteTeam "VSK Sveti Nikolaj Srpski"]
[BlackTeam "AVE Novy Bor"]
[WhiteFideId "921629"]
[BlackFideId "5004985"]
[EventDate "2016.11.06"]

1. e4 e5 2. Nf3 Nc6 3. Bb5 a6 4. Ba4 Nf6 5. O-O Be7 6. Re1 b5 7. Bb3 O-O 8. d3
d6 9. c3 Na5 10. Bc2 c5 11. Nbd2 Nc6 12. Nf1 Re8 13. h3 h6 14. Ne3 Be6 15. a4
Rc8 16. axb5 axb5 17. Bb3 Qd7 18. Bxe6 Qxe6 19. Ra6 Qd7 20. Nf5 Qb7 21. Ra1 Bf8
22. Nh2 Re6 23. Ng4 Ne7 24. Nxf6+ Rxf6 25. Ne3 Rd8 26. Bd2 Re6 27. Ra5 d5 28.
exd5 Nxd5 29. Qf3 Qb6 30. c4 Nxe3 31. Rxb5 Nxg2 32. Rxb6 Nxe1 33. Qb7 Nf3+ 34.
Kf1 Nxd2+ 35. Ke2 Re7 36. Qc6 Nb1 37. f3 Red7 38. Rb3 Be7 39. Rb7 Rxb7 40. Qxb7
Bg5 41. Qb6 Rc8 42. Qb7 Rf8 43. h4 Bf4 44. Qb5 Nd2 45. h5 Rc8 46. Qb7 Re8 47. b4
e4 48. fxe4 Rb8 0-1

[Event "32nd ECC Open 2016"]
[Site "Novi Sad SRB"]
[Date "2016.11.11"]
[Round "6.6"]
[Board "1"]
[White "Ivanchuk, Vassily"]
[Black "Predojevic, Borki"]
[Result "1-0"]
[WhiteTitle "GM"]
[BlackTitle "GM"]
[WhiteElo "2733"]
[BlackElo "2636"]
[WhiteTeam "Ashdod"]
[BlackTeam "Vaalerenga Chess Club"]
[WhiteFideId "14100010"]
[BlackFideId "930849"]
[EventDate "2016.11.06"]

1. d4 Nf6 2. c4 e6 3. Nf3 d5 4. Bg5 h6 5. Bxf6 Qxf6 6. Nc3 c6 7. Qb3 dxc4 8.
Qxc4 Nd7 9. Rd1 g6 10. a3 Bg7 11. e4 O-O 12. e5 Qe7 13. Ne4 Rd8 14. Qc3 Nb6 15.
Bd3 Nd5 16. Qc1 Bd7 17. O-O a5 18. Rfe1 b6 19. h4 c5 20. dxc5 bxc5 21. Nd6 Rab8
22. Qxc5 Rxb2 23. Be4 Be8 24. Qxa5 Bxe5 25. Nxe5 Rxd6 26. Bxd5 Rb5 27. Qa8 Rd8
28. Nc6 Bxc6 29. Qxc6 Rc5 30. Rxe6 1-0

[Event "32nd ECC Open 2016"]
[Site "Novi Sad SRB"]
[Date "2016.11.11"]
[Round "6.6"]
[Board "2"]
[White "Romanov, Evgeny"]
[Black "Vallejo Pons, Francisco"]
[Result "1/2-1/2"]
[WhiteTitle "GM"]
[BlackTitle "GM"]
[WhiteElo "2633"]
[BlackElo "2716"]
[WhiteTeam "Vaalerenga Chess Club"]
[BlackTeam "Ashdod"]
[WhiteFideId "4148843"]
[BlackFideId "2205530"]
[EventDate "2016.11.06"]

1. d4 d5 2. Nf3 e6 3. Bg5 Be7 4. Bxe7 Qxe7 5. Nbd2 Nf6 6. e3 O-O 7. c4 b6 8. Bd3
c5 9. cxd5 exd5 10. Rc1 c4 11. Bb1 Nbd7 12. O-O b5 13. Re1 Bb7 14. Ng5 Rfe8 15.
f3 Qd6 16. Nf1 g6 17. Ng3 Rad8 18. Qd2 Nf8 19. Rcd1 Ne6 20. Nxe6 fxe6 21. Nh1 e5
22. dxe5 Qxe5 23. Nf2 Rd7 24. f4 Qe6 25. Qd4 Qb6 26. e4 dxe4 27. Qxb6 axb6 28.
Rxd7 Nxd7 29. Nxe4 Bxe4 30. Rxe4 Rf8 1/2-1/2

[Event "32nd ECC Open 2016"]
[Site "Novi Sad SRB"]
[Date "2016.11.11"]
[Round "6.6"]
[Board "3"]
[White "Smirin, Ilia"]
[Black "Tari, Aryan"]
[Result "1-0"]
[WhiteTitle "GM"]
[BlackTitle "GM"]
[WhiteElo "2674"]
[BlackElo "2572"]
[WhiteTeam "Ashdod"]
[BlackTeam "Vaalerenga Chess Club"]
[WhiteFideId "2801990"]
[BlackFideId "1510045"]
[EventDate "2016.11.06"]

1. e4 e5 2. Nf3 Nc6 3. Bb5 a6 4. Ba4 Nf6 5. O-O Be7 6. Re1 b5 7. Bb3 d6 8. c3
O-O 9. h3 Na5 10. Bc2 c5 11. d4 Nd7 12. Nbd2 exd4 13. cxd4 Re8 14. e5 dxe5 15.
dxc5 Bxc5 16. Ne4 Be7 17. Nfg5 Nf8 18. Qf3 Be6 19. Be3 Nc4 20. Rad1 Qc7 21. Rc1
Nxe3 22. Nxe6 Qxc2 23. Qxe3 Qxb2 24. Nc7 Qxa2 25. Nc3 Qb3 26. Nxe8 Rxe8 27. Qxe5
Ne6 28. Nd5 Bf8 29. Rc3 Qa4 30. Rg3 Kh8 31. Qf5 Qa5 32. Ree3 Qa1+ 33. Kh2 Bd6
34. Qxf7 1-0